000 00321nam a22001337a 4500
003 OSt
008 250108b |||||||| |||| 00| 0 eng d
041 _aeng
100 _aGupta, ML
_96833
245 _aWorkshop Practices in Electrical Engineering
250 _a5th
260 _bMetropolitan Book Co,
_c1980.
942 _cBK
999 _c18986
_d18986